Missouri RoadMap : including Jefferson City, Joplin, Kansas City, St. Joseph, St. Louis, Sedalia, Springfield, Webb City : featuring city to city mileage ... recreation information /
Saved in:
| Corporate Author: | |
|---|---|
| Format: | Map |
| Language: | English |
| Published: |
Williamston, MI. :
UniversalMAP,
[2003?]
|
| Subjects: | |
| Tags: |
Add Tag
No Tags, Be the first to tag this record!
|
| LEADER | 01424nem a2200373Ia 4500 | ||
|---|---|---|---|
| 001 | 010643239-7 | ||
| 005 | 20070722103417.0 | ||
| 008 | 050126s2003 miu a 1 eng d | ||
| 020 | |a 0762535717 | ||
| 020 | |a 9780762535712 | ||
| 034 | 1 | |a a |b 1000000 | |
| 035 | 0 | |a ocm57495379 | |
| 037 | |a MO406 |b Universal Map | ||
| 040 | |a GZN |c GZN |d HLS | ||
| 043 | |a n-us-mo |a n-us-ks | ||
| 052 | |a 4161 | ||
| 090 | |a G4161.P2 2003 |b .U5 | ||
| 110 | 2 | |a Universal Map (Firm) | |
| 245 | 1 | 0 | |a Missouri RoadMap : |b including Jefferson City, Joplin, Kansas City, St. Joseph, St. Louis, Sedalia, Springfield, Webb City : featuring city to city mileage ... recreation information / |c UniversalMAP. |
| 246 | 3 | |a UniversalMAP Missouri RoadMap | |
| 246 | 3 | |a Universal Map Missouri Road map | |
| 246 | 1 | |i Title at head of legend: |a Missouri | |
| 255 | |a Scale [ca. 1:1,000,000]. | ||
| 260 | |a Williamston, MI. : |b UniversalMAP, |c [2003?] | ||
| 300 | |a 1 map : |b col. ; |c 54 x 67 cm., on sheet 57 x 96 cm., folded to 23 x 11 cm. | ||
| 500 | |a Panel title. | ||
| 500 | |a Includes 4 local route maps, indexes, and mileage chart. | ||
| 500 | |a Maps on verso: Kansas City -- St. Louis area -- Downtown Kansas City -- Jefferson City -- Downtown St. Louis. | ||
| 650 | 0 | |a Roads |z Missouri |v Maps. | |
| 651 | 0 | |a Kansas City (Kan.) |v Maps. | |
| 651 | 0 | |a Kansas City (Mo.) |v Maps. | |
| 651 | 0 | |a Saint Louis (Mo.) |v Maps. | |
| 988 | |a 20070722 | ||
| 906 | |0 OCLC | ||


